000
00455nam a2200145Ia 4500
008
090124s9999 xx 000 0 und d
082
_b
402025
245
_a
पुराणातील गमती जमती
250
_a
1
260
_b
देवळे श.रा.
_c
1986
300
_a
160
630
_a
पुराणातील गमती जमती
730
_a
पुराणातील गमती जमती
942
_c
BOOK
999
_c
198485
_d
198485